Anatomy and Physiology for Nurses. (Record no. 42)

MARC details
000 -LEADER
fixed length control field 01043cam a22003494a 4500
001 - CONTROL NUMBER
control field 13717080
003 - CONTROL NUMBER IDENTIFIER
control field OSt
005 - DATE AND TIME OF LATEST TRANSACTION
control field 20210503163907.0
008 - FIXED-LENGTH DATA ELEMENTS--GENERAL INFORMATION
fixed length control field 040913s2005 stka b 001 0 eng
010 ## - LIBRARY OF CONGRESS CONTROL NUMBER
LC control number 2004057451
015 ## - NATIONAL BIBLIOGRAPHY NUMBER
National bibliography number GBA509350
Source bnb
016 7# - NATIONAL BIBLIOGRAPHIC AGENCY CONTROL NUMBER
Record control number 101229812
Source DNLM
016 7# - NATIONAL BIBLIOGRAPHIC AGENCY CONTROL NUMBER
Record control number 013099938
Source Uk
020 ## - INTERNATIONAL STANDARD BOOK NUMBER
International Standard Book Number 0702027499
035 ## - SYSTEM CONTROL NUMBER
System control number (OCoLC)ocm56527440
040 ## - CATALOGING SOURCE
Original cataloging agency DNLM/DLC
Transcribing agency DLC
Modifying agency YDX
-- NLM
-- UKM
-- BAKER
-- CRH
-- DLC
042 ## - AUTHENTICATION CODE
Authentication code pcc
050 00 - LIBRARY OF CONGRESS CALL NUMBER
Classification number QP34.5
Item number .W38 2005
060 00 - NATIONAL LIBRARY OF MEDICINE CALL NUMBER
Classification number 2006 C-319
060 10 - NATIONAL LIBRARY OF MEDICINE CALL NUMBER
Classification number QS 4
Item number W341a 2005
100 1# - MAIN ENTRY--PERSONAL NAME
Personal name Watson, Roger,
9 (RLIN) 132
245 10 - TITLE STATEMENT
Title Anatomy and Physiology for Nurses.
250 ## - EDITION STATEMENT
Edition statement 12th ed.
260 ## - PUBLICATION, DISTRIBUTION, ETC. (IMPRINT)
Place of publication, distribution, etc. Edinburgh ;
Name of publisher, distributor, etc. Elsevier,
Date of publication, distribution, etc. 2005.
300 ## - PHYSICAL DESCRIPTION
Extent vii, 401 p. :
Other physical details col.ill:
Dimensions 22 cm.
504 ## - BIBLIOGRAPHY, ETC. NOTE
Bibliography, etc Includes bibliographical references (p. 377).
650 #0 - SUBJECT ADDED ENTRY--TOPICAL TERM
Topical term or geographic name as entry element Human physiology.
9 (RLIN) 133
650 #0 - SUBJECT ADDED ENTRY--TOPICAL TERM
Topical term or geographic name as entry element Anatomy.
9 (RLIN) 134
856 41 - ELECTRONIC LOCATION AND ACCESS
Materials specified Table of contents only
Uniform Resource Identifier http://www.loc.gov/catdir/toc/fy0608/2004057451.html
906 ## - LOCAL DATA ELEMENT F, LDF (RLIN)
a 7
b cbc
c orignew
d 1
e ocip
f 20
g y-gencatlg
942 ## - ADDED ENTRY ELEMENTS (KOHA)
Source of classification or shelving scheme Other/Generic Classification Scheme
Koha item type Open Shelf
Holdings
Withdrawn status Lost status Source of classification or shelving scheme Damaged status Not for loan Home library Current library Date acquired Source of acquisition Inventory number Total Checkouts Full call number Barcode Date last seen Koha item type
    Other/Generic Classification Scheme     MUST Main Library MUST Main Library 30/06/2014   12/36105   QS 4 W331a 2005 2014-0052 30/06/2014 Open Shelf
    Other/Generic Classification Scheme     MUST Main Library MUST Main Library 30/06/2014 Purchase 11/35163   QS4 W331a 2005 2014-0053 30/06/2014 Open Shelf
    Other/Generic Classification Scheme     MUST Main Library MUST Main Library 30/06/2014 Purchase 11/34899   QS 4 W331a 2005 2014-0054 27/09/2019 Open Shelf